| 000 | 01242ngm a22003250a 4500 | ||
|---|---|---|---|
| 001 | PT47159 | ||
| 003 | AR-LpoUNG | ||
| 005 | 20210202000005.0 | ||
| 007 | vd cvaizq | ||
| 008 | 191001s2009||||xxu|||||||||||||||||spa d | ||
| 037 | _c$7 | ||
| 040 |
_aAR-LpoUNG _bspa _cAR-LpoUNG _eaacr |
||
| 041 |
_aspa _aeng |
||
| 044 | _axxu | ||
| 082 | 0 | _a808.068 658v3 | |
| 100 | 1 |
_aSaldanha, Carlos _edir. |
|
| 245 | 1 | 3 | _aLa era de hielo = Ice age |
| 260 |
_aCalifornia : _bTwentieth Century Fox, _c2009. |
||
| 300 | _aDVD (93 min.) : son., col. | ||
| 505 | 0 | _aSubtitulada en inglés y español. | |
| 520 | _aManny y Ellie están esperando a su primer cachorro y sus amigos al sentirse desplazados por no creerse parte del círculo familiar, buscan sus propias aventuras metiéndose en problemas. Cuando su gran amigo mamut va al rescate, descubren otro mundo bajo el hielo donde hay dinosaurios de todas las especies y el peligro del gran Tiranosaurio Rex que acecha a toda la jungla, contra el cual lucharán confirmando su amistad. | ||
| 653 | _aANIMACION | ||
| 653 | _aAVENTURA | ||
| 653 | _aDVD | ||
| 653 | _aVIDEOS | ||
| 653 | _aVIDEOS INFANTILES | ||
| 710 | 2 | _aBlue Sky Studios (Estados Unidos) | |
| 905 | _a47159 | ||
| 942 | _cDVD | ||
| 999 |
_c53921 _d53921 |
||